Catalog

Record Details

Catalog Search



Available copies

  • 1 of 2 copies available at LARL/NWRL Consortium.

Current holds

0 current holds with 2 total copies.

Show Only Available Copies
Location Call Number / Copy Notes Barcode Shelving Location Status Due Date
Godel Memorial-Warren Library e ARN (Text) 35500005279110 Main Available -
Warroad Public Library e ARN (Text) 35500006736480 Main Checked out 05/20/2026

Record details

  • ISBN: 9780545493284 (hc.)
  • ISBN: 0545493285 (hc.)
  • ISBN: 9781480608160 (PawPrints)
  • ISBN: 1480608165 (PawPrints)
  • ISBN: 9789810983512
  • Physical Description: 30 p. : col. ill. ; 23 cm.
  • Edition: 1st ed.
  • Publisher: New York, N.Y. : Cartwheel Books, 2013.

Content descriptions

Summary, etc.:
Buzz has a nightmare that his best friend Fly Guy ... Read More
Subject: Flies > Juvenile fiction.
Monsters > Juvenile fiction.
Nightmares > Juvenile fiction.
Best friends > Juvenile fiction.
Flies > Fiction.
Monsters > Fiction.
Nightmares > Fiction.
Best friends > Fiction.
LDR 02177cam a22005058a 4500
001155254
003LARL_NWRL_CONSORTIUM
00520231206183446.0
008121025s2013 nyua b 000 1 eng c
020 . ‡a9780545493284 (hc.)
020 . ‡a0545493285 (hc.)
020 . ‡a9781480608160 (PawPrints)
020 . ‡a1480608165 (PawPrints)
020 . ‡a9789810983512
035 . ‡a(OCoLC)815044313
042 . ‡apcc ‡alcac
08204. ‡a[E] ‡223
08204. ‡a813.54 ‡223
1001 . ‡aArnold, Tedd. ‡0(LARL_NWRL_CONSORTIUM)84557
24510. ‡aFly Guy and the Frankenfly ‡n#13/ ‡cTedd Arnold.
250 . ‡a1st ed.
260 . ‡aNew York, N.Y. : ‡bCartwheel Books, ‡c2013.
300 . ‡a30 p. : ‡bcol. ill. ; ‡c23 cm.
4900 . ‡aFly Guy ; ‡v#13
520 . ‡aBuzz has a nightmare that his best friend Fly Guy has created a gigantic Frankenfly monster.
650 0. ‡aFlies ‡vJuvenile fiction.
650 0. ‡aMonsters ‡vJuvenile fiction. ‡0(LARL_NWRL_CONSORTIUM)166253
650 0. ‡aNightmares ‡vJuvenile fiction.
650 0. ‡aBest friends ‡vJuvenile fiction. ‡0(LARL_NWRL_CONSORTIUM)170952
650 1. ‡aFlies ‡vFiction.
650 1. ‡aMonsters ‡vFiction. ‡0(LARL_NWRL_CONSORTIUM)166252
650 1. ‡aNightmares ‡vFiction.
650 1. ‡aBest friends ‡vFiction. ‡0(LARL_NWRL_CONSORTIUM)168959
901 . ‡a155254 ‡bOCLC ‡c155254 ‡tbiblio

Additional Resources